[Event "Ä13Â"]
[Site "Loo"]
[Date "2017.04.23"]
[Round "4.15"]
[White "Êàðïîâà, Ëàðèñà."]
[Black "Êàìàðîâà, Æàíáîòà."]
[Result "0-1"]
[WhiteElo "1608"]
[BlackElo "1501"]
[PlyCount "142"]
[EventDate "2017.04.20"]

1. d4 d5 2. Nf3 Nf6 3. a3 e6 4. e3 Be7 5. Bd3 O-O 6. Nbd2 Nbd7 7. O-O b6 8. b3
Bb7 9. Bb2 c5 10. c4 Ne4 11. Ne5 Nxe5 12. dxe5 Nxd2 13. Qxd2 Qc7 14. Qe2 Qc6
15. f3 Rfd8 16. Rfd1 d4 17. Be4 Qc7 18. Bxb7 Qxb7 19. exd4 cxd4 20. b4 a5 21.
Bxd4 axb4 22. axb4 Bxb4 23. Rxa8 Rxa8 24. Qb2 Qe7 25. Kf1 Bc5 26. Ra1 Rd8 27.
Bf2 h6 28. g3 Bxf2 29. Kxf2 Qc5+ 30. Kg2 Qxc4 31. Qxb6 Rd2+ 32. Kh3 Qe2 33.
Qb8+ Kh7 34. Qb1+ g6 35. Qh1 Qxe5 36. g4 Qe2 37. Re1 Qc4 38. Qg1 g5 39. Qe3 Qa2
40. Rh1 Qd5 41. Qe4+ Qxe4 42. fxe4 Re2 43. Rf1 Kg6 44. Kg3 Rxe4 45. Rf3 f5 46.
gxf5+ exf5 47. Rb3 f4+ 48. Kf3 Kf5 49. Rb5+ Re5 50. Rb8 g4+ 51. Kf2 Kg5 52.
Rg8+ Kh4 53. Rg6 h5 54. Rc6 Kh3 55. Kg1 Re2 56. Rh6 h4 57. Rf6 f3 58. Rf4 Rxh2
59. Rf5 f2+ 60. Kf1 g3 61. Rf3 Rh1+ 62. Ke2 Re1+ 63. Kd2 f1=Q 64. Rxf1 Rxf1 65.
Kd3 g2 66. Ke4 g1=Q 67. Kd5 Qe3 68. Kd6 Rd1+ 69. Kc6 Qc3+ 70. Kb7 Rb1+ 71. Ka6
Qa3# 0-1

[Event "Ä13Â"]
[Site "Loo"]
[Date "2017.04.23"]
[Round "4.16"]
[White "Ñåì¸íîâà, Äàðüÿ."]
[Black "Ñóðîâöåâà, Àëèñà."]
[Result "1-0"]
[WhiteElo "1429"]
[BlackElo "1601"]
[PlyCount "21"]
[EventDate "2017.04.20"]

1. d4 d5 2. Nf3 Nf6 3. c4 c6 4. Nc3 e6 5. g3 dxc4 6. Bg2 Be7 7. Ne5 O-O 8. O-O
Nbd7 9. Nxc4 Nb6 10. Ne5 Nbd5 11. a3 1-0

[Event "Ä13Â"]
[Site "Loo"]
[Date "2017.04.23"]
[Round "4.17"]
[White "Ìàêàðåíêî, Åëèçàâåòà."]
[Black "Íèêóëèíà, Àíàñòàñèÿ."]
[Result "1-0"]
[WhiteElo "1386"]
[BlackElo "1562"]
[PlyCount "115"]
[EventDate "2017.04.20"]

1. c4 Nf6 2. Nc3 g6 3. d3 Bg7 4. g3 O-O 5. Bg2 Nc6 6. Nf3 e5 7. O-O Re8 8. e4
d6 9. h3 Be6 10. Be3 Ne7 11. Qe2 c6 12. d4 exd4 13. Nxd4 d5 14. cxd5 cxd5 15.
Rad1 Rc8 16. Rfe1 a6 17. Bg5 h6 18. Bxf6 Bxf6 19. exd5 Bd7 20. Qd2 Bg7 21. Re2
Qb6 22. Nb3 Nf5 23. Rxe8+ Rxe8 24. Re1 Rxe1+ 25. Qxe1 Nxg3 26. Qe7 Bf5 27. d6
Nh5 28. Qe8+ Kh7 29. d7 Bf6 30. Nd5 Qd6 31. Nxf6+ Nxf6 32. d8=Q Nxe8 33. Qxe8
Qd1+ 34. Bf1 Bxh3 35. Qxf7+ Kh8 36. Qf6+ Kh7 37. Qe7+ Kh8 38. Qe5+ Kh7 39. Qe2
Qxe2 40. Bxe2 Bc8 41. Bf3 h5 42. Nc5 b6 43. Bb7 bxc5 44. Bxc8 a5 45. Kg2 g5 46.
Kg3 Kg6 47. Bd7 Kh6 48. Be8 h4+ 49. Kg4 Kg7 50. Kxg5 h3 51. Kg4 h2 52. Bc6 a4
53. Kg3 c4 54. Kxh2 a3 55. bxa3 c3 56. Be4 Kf6 57. Kg3 Ke5 58. Bc2 1-0

[Event "Ä13Â"]
[Site "Loo"]
[Date "2017.04.23"]
[Round "4.18"]
[White "Åðøîâà, Ìàðãàðèòà."]
[Black "Ðàçóâàåâà, Åêàòåðèíà."]
[Result "0-1"]
[WhiteElo "1593"]
[BlackElo "1270"]
[PlyCount "72"]
[EventDate "2017.04.20"]

1. d4 d6 2. Nc3 Nf6 3. e4 g6 4. f3 Bg7 5. Be3 Nbd7 6. Qd2 c6 7. Bh6 O-O 8. g4
Qc7 9. h4 b5 10. h5 e5 11. d5 b4 12. Nce2 cxd5 13. Bxg7 Kxg7 14. exd5 Ba6 15.
hxg6 fxg6 16. Qh6+ Kg8 17. O-O-O Rac8 18. Qd2 Nc5 19. Ng3 Bxf1 20. Rxf1 b3 21.
Kb1 bxc2+ 22. Qxc2 Nxg4 23. fxg4 Rxf1+ 24. Nxf1 Qf7 25. Ne3 Qf4 26. Rh3 a5 27.
Rf3 Qb4 28. Rf1 Rb8 29. Nc4 Na4 30. a3 Nc3+ 31. Kc1 Qxc4 32. Rf3 Qxg4 33. Rf1
Qg5+ 34. Qd2 Qxd2+ 35. Kxd2 Nxd5 36. Kc2 Ne3+ 0-1

[Event "Ä13Â"]
[Site "Loo"]
[Date "2017.04.23"]
[Round "4.19"]
[White "Þñóïîâà, Ýëèíà."]
[Black "Íàñûðîâà, Åêàòåðèíà."]
[Result "0-1"]
[WhiteElo "1481"]
[BlackElo "1955"]
[PlyCount "56"]
[EventDate "2017.04.20"]

1. d4 d5 2. Nf3 Nf6 3. Bf4 c5 4. e3 Nc6 5. b3 Bf5 6. a3 e6 7. Ne5 Qa5+ 8. Qd2
Qxd2+ 9. Nxd2 cxd4 10. Nxc6 dxe3 11. Bxe3 bxc6 12. Rc1 Bxa3 13. Ra1 Bb4 14. c4
a5 15. Be2 Bc3 16. Ra4 d4 17. Bf4 Ne4 18. Bf3 Kd7 19. Bxe4 Bxe4 20. O-O Bg6 21.
c5 f6 22. Nc4 e5 23. Nb6+ Ke6 24. Nxa8 Rxa8 25. Bg3 Bc2 26. Rc1 Bxb3 27. Rxc3
dxc3 28. Ra1 Rd8 0-1

[Event "Ä13Â"]
[Site "Loo"]
[Date "2017.04.23"]
[Round "4.20"]
[White "Áîðîäêèíà, Ñîôèÿ."]
[Black "Äèâååâà, Äàðüÿ."]
[Result "1/2-1/2"]
[WhiteElo "1576"]
[BlackElo "1451"]
[PlyCount "85"]
[EventDate "2017.04.20"]

1. e4 c6 2. d4 d5 3. e5 Bf5 4. Nf3 e6 5. Bd3 Bxd3 6. cxd3 Ne7 7. Nc3 Nf5 8. O-O
Nd7 9. Be3 c5 10. dxc5 Bxc5 11. d4 Be7 12. Ne2 O-O 13. Nf4 Nb6 14. b3 Rc8 15.
Qd3 Nd7 16. Nxd5 Nxe3 17. Nxe7+ Qxe7 18. fxe3 Rfd8 19. Qe4 Nb6 20. Rac1 Nd5 21.
Rc4 b5 22. Rcc1 h6 23. Qd3 a6 24. Qd2 Qb7 25. e4 Ne7 26. Qe3 Qb6 27. Qf2 Nc6
28. Rcd1 Ne7 29. Nh4 Rf8 30. Rd3 Nc6 31. Rfd1 Rfd8 32. a3 Rd7 33. Nf3 Ne7 34.
d5 Qxf2+ 35. Kxf2 exd5 36. exd5 Rc2+ 37. Kf1 Rc5 38. d6 Ng6 39. Rd5 Rc3 40.
R1d3 Rc1+ 41. Rd1 Rc3 42. R5d3 Rc5 43. Rd5 1/2-1/2

[Event "Ä13Â"]
[Site "Loo"]
[Date "2017.04.23"]
[Round "4.21"]
[White "Øåñòàêîâà, Áîãäàíà."]
[Black "Êîñòèíà, Àëåêñàíäðà."]
[Result "1-0"]
[WhiteElo "1526"]
[BlackElo "1442"]
[PlyCount "71"]
[EventDate "2017.04.20"]

1. e4 e5 2. Nf3 Nc6 3. Bb5 a6 4. Ba4 Nf6 5. Qe2 b5 6. Bb3 Be7 7. c3 d6 8. h3
Na5 9. Bc2 c5 10. d4 cxd4 11. cxd4 Nc6 12. dxe5 dxe5 13. O-O O-O 14. Rd1 Qc7
15. Nc3 Bb7 16. a4 bxa4 17. Rxa4 Nb4 18. Bb3 Bc6 19. Ra1 Rfd8 20. Bg5 Bb7 21.
Rac1 Rxd1+ 22. Nxd1 Qd6 23. Qc4 Rf8 24. Nc3 Nc6 25. Rd1 Qb8 26. Ba2 Na5 27. Qa4
Nc6 28. Nd5 Rd8 29. Nxe7+ Nxe7 30. Rxd8+ Qxd8 31. Nxe5 Nxe4 32. Nxf7 Qf8 33.
Nd6+ Kh8 34. Nxe4 Qf5 35. Qe8+ Ng8 36. Qxg8# 1-0

[Event "Ä13Â"]
[Site "Loo"]
[Date "2017.04.23"]
[Round "4.22"]
[White "Áàêóëîâà, Òàòüÿíà."]
[Black "Çàâèâàåâà, Ýìèëèÿ."]
[Result "0-1"]
[WhiteElo "1395"]
[BlackElo "1490"]
[PlyCount "120"]
[EventDate "2017.04.20"]

1. d4 Nf6 2. c4 e6 3. Nf3 Bb4+ 4. Bd2 Qe7 5. a3 Bxd2+ 6. Nbxd2 d6 7. e3 b6 8.
Bd3 Bb7 9. Qc2 O-O 10. O-O c5 11. Ne4 Nbd7 12. Rab1 h6 13. b4 Nxe4 14. Bxe4 d5
15. cxd5 exd5 16. Bf5 c4 17. Bxd7 Qxd7 18. Ne5 Qe6 19. Rfe1 Bc8 20. Qa4 Qd6 21.
Qc6 Qxc6 22. Nxc6 Be6 23. b5 f6 24. e4 Kh7 25. exd5 Bxd5 26. Ne7 Bf7 27. Rbc1
Rad8 28. Nc6 Rd7 29. Red1 Re8 30. Kf1 Rc8 31. f3 a6 32. a4 a5 33. Re1 Rcc7 34.
Rc3 Bd5 35. Nb8 Rd8 36. Na6 Rcd7 37. Rce3 Bf7 38. Re7 c3 39. Rxd7 Rxd7 40. Rc1
Rxd4 41. Rxc3 Rxa4 42. Rc6 Bc4+ 43. Kf2 Bxb5 44. Rxb6 Bxa6 45. Rxa6 Ra3 46. Kg3
Ra2 47. Kh3 Kg6 48. Kg3 Kf5 49. Kh3 h5 50. Rb6 g5 51. Rb5+ Kf4 52. Rc5 a4 53.
Rc4+ Kf5 54. Rc5+ Kg6 55. Rc4 a3 56. Ra4 Kf5 57. Ra5+ Kf4 58. Ra4+ Ke3 59. Re4+
Kd3 60. Re6 Re2 0-1

[Event "Ä13Â"]
[Site "Loo"]
[Date "2017.04.23"]
[Round "4.23"]
[White "Ôåäîðè÷åâà, Åêàòåðèíà."]
[Black "Ëîñåâà, Ìàðãàðèòà."]
[Result "1-0"]
[WhiteElo "1482"]
[BlackElo "1439"]
[PlyCount "119"]
[EventDate "2017.04.20"]

1. c4 e5 2. d3 Nf6 3. Nc3 Be7 4. e3 d6 5. Nge2 Nc6 6. g3 O-O 7. Bg2 Be6 8. Nd5
Qc8 9. O-O Bxd5 10. cxd5 Nb4 11. Nc3 c6 12. dxc6 Nxc6 13. a3 Rd8 14. Nd5 Nxd5
15. Bxd5 Bf6 16. Qb3 Qd7 17. Bd2 Rac8 18. Rac1 h6 19. Rc2 Rc7 20. Rfc1 Rdc8 21.
Qa4 Rb8 22. Bxc6 Rxc6 23. Qxa7 Rbc8 24. Rxc6 Rxc6 25. Rxc6 Qxc6 26. Qb8+ Kh7
27. Bc3 b5 28. Qa7 Kg6 29. h4 h5 30. d4 exd4 31. Bxd4 Qc1+ 32. Kg2 Qc6+ 33. Kf1
Qc4+ 34. Ke1 Qc1+ 35. Ke2 Qc4+ 36. Kd2 Qf1 37. e4 Qc4 38. Bxf6 gxf6 39. Qe3 Qa2
40. Qc3 Qb1 41. Qc2 Qxc2+ 42. Kxc2 f5 43. Kd3 Kf6 44. f3 Ke6 45. exf5+ Kxf5 46.
Kd4 Ke6 47. b3 d5 48. a4 bxa4 49. bxa4 Kd6 50. a5 Kc6 51. a6 Kb6 52. Kxd5 Kxa6
53. g4 hxg4 54. fxg4 Kb6 55. h5 Kc7 56. h6 Kd7 57. h7 Ke7 58. h8=Q Kd7 59. Qf6
Kc7 60. Qc6+ 1-0

[Event "Ä13Â"]
[Site "Loo"]
[Date "2017.04.23"]
[Round "4.25"]
[White "Èçáåêîâà, Åâäîêèÿ."]
[Black "Ñòàêèíà, Ìåëèññà."]
[Result "1/2-1/2"]
[WhiteElo "1518"]
[BlackElo "1429"]
[PlyCount "90"]
[EventDate "2017.04.20"]

1. e4 e5 2. Nf3 Nc6 3. Bb5 a6 4. Ba4 Nf6 5. O-O Be7 6. d3 b5 7. Bb3 d6 8. a4
Bb7 9. Nc3 b4 10. Ne2 O-O 11. Ng3 d5 12. Bg5 dxe4 13. dxe4 h6 14. Bxf6 Bxf6 15.
Re1 Na5 16. Ba2 c5 17. Qe2 Qb6 18. Bc4 Nxc4 19. Qxc4 a5 20. Qd3 Rfd8 21. Qe3
Rd7 22. Nh5 Rc8 23. Rad1 Rdd8 24. Nxf6+ Qxf6 25. Rxd8+ Qxd8 26. Nxe5 Qe7 27.
Nf3 Re8 28. Nd2 Qc7 29. f3 f6 30. Qb3+ Kh8 31. Qe3 Kg8 32. Nb3 Re5 33. Rd1 f5
34. Qd3 fxe4 35. Qd8+ Qxd8 36. Rxd8+ Kh7 37. fxe4 Bxe4 38. Nxa5 Bxc2 39. b3 Re3
40. Rd5 Bxb3 41. Nxb3 Rxb3 42. Rxc5 Ra3 43. a5 b3 44. Rb5 b2 45. Rxb2 Rxa5
1/2-1/2

[Event "Ä13Â"]
[Site "Loo"]
[Date "2017.04.23"]
[Round "4.26"]
[White "Êîìëåâà, Àííà."]
[Black "Êóäðÿâöåâà, Àíàñòàñèÿ."]
[Result "0-1"]
[WhiteElo "1472"]
[BlackElo "1413"]
[PlyCount "82"]
[EventDate "2017.04.20"]

1. e4 d6 2. d4 Nf6 3. Nc3 g6 4. Be3 c6 5. Qd2 b5 6. Bd3 Nbd7 7. Nf3 b4 8. Ne2
a5 9. a3 c5 10. axb4 cxb4 11. O-O Bb7 12. Ng3 Bg7 13. Bh6 O-O 14. Bxg7 Kxg7 15.
e5 dxe5 16. dxe5 Nd5 17. Qg5 e6 18. Nh5+ Kh8 19. Qh6 Rg8 20. Ng5 Qxg5 21. Qxg5
gxh5 22. Qxh5 N5f6 23. Qh3 Bxg2 24. Qxg2 Rxg2+ 25. Kxg2 Nxe5 26. Rfe1 Nxd3 27.
cxd3 Nd5 28. Kf3 a4 29. Ke4 a3 30. bxa3 bxa3 31. d4 a2 32. Kd3 Ra3+ 33. Kc2
Nb4+ 34. Kb2 Rf3 35. Re3 Rxf2+ 36. Kb3 Nc2 37. Rxa2 Nxd4+ 38. Ka3 Nb5+ 39. Kb3
Nd4+ 40. Ka3 Nc2+ 41. Ka4 Rf4+ 0-1

[Event "Ä13Â"]
[Site "Loo"]
[Date "2017.04.23"]
[Round "4.27"]
[White "Öàìàëàèäçå, Ëèàíà."]
[Black "Äîðîõèíà, Åëèçàâåòà."]
[Result "1-0"]
[WhiteElo "1349"]
[BlackElo "1452"]
[PlyCount "97"]
[EventDate "2017.04.20"]

1. e4 c5 2. Nf3 d6 3. d4 cxd4 4. Nxd4 Nf6 5. Nc3 a6 6. f3 e6 7. Be3 Be7 8. Qd2
O-O 9. O-O-O Nbd7 10. Be2 Nc5 11. g4 Qc7 12. h4 b5 13. g5 Ne8 14. h5 g6 15.
hxg6 fxg6 16. Rdg1 Rb8 17. Qd1 b4 18. Nb1 a5 19. Nd2 a4 20. f4 b3 21. a3 bxc2
22. Nxc2 Nb3+ 23. Kb1 Nxd2+ 24. Bxd2 Bb7 25. Bf3 Qb6 26. Bc3 Qb3 27. Qd2 Qc4
28. Nd4 e5 29. Qe2 Qxe2 30. Nxe2 Ba6 31. Rh4 Bxe2 32. Bxe2 Rxf4 33. Rxf4 exf4
34. Rg4 Ng7 35. Rxf4 Bxg5 36. Bc4+ Kh8 37. Rf7 Bh6 38. Rd7 Rc8 39. Rxd6 Ra8 40.
Bd5 Rc8 41. Rd7 Rf8 42. e5 Nf5 43. e6+ Bg7 44. Bxg7+ Nxg7 45. e7 Re8 46. Bf7 g5
47. Bxe8 Nxe8 48. Rd8 Kg7 49. Rxe8 1-0

[Event "Ä13Â"]
[Site "Loo"]
[Date "2017.04.23"]
[Round "4.28"]
[White "Íèêîëàåâà, Íàäåæäà."]
[Black "Ëåñíûõ, Æàííà."]
[Result "1-0"]
[WhiteElo "1611"]
[BlackElo "1513"]
[PlyCount "99"]
[EventDate "2017.04.20"]

1. d4 d5 2. c4 e6 3. Nc3 Nf6 4. Bg5 Nbd7 5. e3 c6 6. Nf3 Qa5 7. cxd5 cxd5 8.
Bd3 Bb4 9. Qc2 h6 10. Bh4 O-O 11. O-O a6 12. a3 Bxc3 13. bxc3 b5 14. a4 b4 15.
cxb4 Qxb4 16. Rab1 Qe7 17. Ne5 g5 18. Nc6 Qe8 19. Bg3 Kg7 20. Bd6 Rh8 21. Rfc1
Nf8 22. Rb6 Bd7 23. Rxa6 Rxa6 24. Bxa6 Ng6 25. Bb5 Ne4 26. Bb4 g4 27. a5 Bxc6
28. Bxc6 Qd8 29. a6 Qf6 30. a7 Nh4 31. Qe2 Qg5 32. a8=R Nf3+ 33. Kh1 Nxh2 34.
Kxh2 Qh4+ 35. Kg1 g3 36. fxg3 Nxg3 37. Qc2 Qh1+ 38. Kf2 Qh4 39. Rxh8 Kxh8 40.
Bb5 Ne4+ 41. Ke2 Qf2+ 42. Kd3 Qf5 43. Bc6 Nf2+ 44. Kc3 Ne4+ 45. Kb2 Qg5 46. Qe2
Qd8 47. Qh5 Kg7 48. Rh1 Qg5 49. Qxg5+ Nxg5 50. Rf1 1-0

[Event "Ä13Â"]
[Site "Loo"]
[Date "2017.04.23"]
[Round "4.29"]
[White "Àáðàìîâà, Òàòüÿíà."]
[Black "Ãðàíêèíà, Àëèñà."]
[Result "0-1"]
[WhiteElo "1508"]
[BlackElo "1585"]
[PlyCount "124"]
[EventDate "2017.04.20"]

1. e4 e5 2. Nf3 Nc6 3. Nc3 Nf6 4. Bb5 Bb4 5. O-O O-O 6. d3 d6 7. Bg5 Bxc3 8.
bxc3 Qe7 9. Re1 Nd8 10. d4 Ne6 11. Bc1 c5 12. d5 Nc7 13. Bd3 Nh5 14. Ng5 Nf4
15. Bxf4 exf4 16. Nf3 f6 17. g3 fxg3 18. hxg3 Bg4 19. Re3 Qf7 20. Kg2 f5 21. c4
fxe4 22. Bxe4 Rae8 23. Qd3 g6 24. Rf1 Na6 25. a3 Qd7 26. Rh1 Qf7 27. Rf1 Bf5
28. Bxf5 Rxe3 29. Qxe3 Qxf5 30. c3 Nb8 31. Re1 Nd7 32. Nh4 Qe5 33. Qd2 Qh5 34.
Qe3 Ne5 35. f4 Nxc4 36. Qe6+ Kg7 37. Qe7+ Rf7 38. Qe6 Nb6 39. Qxd6 Qxd5+ 40.
Qxd5 Nxd5 41. Re5 Nxc3 42. Rxc5 Ne4 43. Re5 Nd6 44. Nf3 Nc4 45. Re4 Nxa3 46.
Ra4 Nb5 47. Ne5 Rc7 48. Kf3 a6 49. Ke3 h5 50. Nc4 Nc3 51. Rb4 Nd5+ 52. Kd4 Nxb4
53. Nb6 Rc1 54. Ke3 a5 55. Kd2 Rg1 56. Kc3 Rxg3+ 57. Kb2 h4 58. Na4 h3 59. Nc3
Rxc3 60. Kxc3 h2 61. f5 gxf5 62. Kd4 h1=Q 0-1

[Event "Ì11Â"]
[Site "Loo"]
[Date "2017.04.23"]
[Round "4.1"]
[White "Âîëêîâ, Ìàêñèì."]
[Black "Êî÷åòîâ, Âëàäèñëàâ."]
[Result "1-0"]
[WhiteElo "1862"]
[BlackElo "1648"]
[PlyCount "141"]
[EventDate "2017.04.20"]

1. d4 c5 2. d5 g6 3. e4 Bg7 4. Nf3 d6 5. Be2 Nf6 6. Nc3 O-O 7. O-O e6 8. h3
exd5 9. exd5 Na6 10. Bf4 Nc7 11. a4 h6 12. Bh2 Bf5 13. Nd2 Re8 14. Nc4 Bf8 15.
Bd3 Be4 16. Nxe4 Nxe4 17. Re1 Nf6 18. Rxe8 Nfxe8 19. Qf3 Qf6 20. Qxf6 Nxf6 21.
Nxd6 Nfxd5 22. Nxb7 Rb8 23. c4 Rxb7 24. cxd5 Nxd5 25. Be4 Rd7 26. Rd1 Nf6 27.
Rxd7 Nxd7 28. b3 Bg7 29. Bd6 Be5 30. Bxe5 Nxe5 31. f4 Nd7 32. Kf2 Kf8 33. Ke3
Ke7 34. Kd3 Kd6 35. Kc4 Nf6 36. Bf3 a6 37. g4 Nd7 38. Bb7 Nb6+ 39. Kd3 Nd5 40.
Ke4 Nb4 41. h4 Ke6 42. Bc8+ Ke7 43. h5 a5 44. Bb7 Kf6 45. Bd5 gxh5 46. gxh5 Ke7
47. Ke5 Nd3+ 48. Kf5 Nb4 49. Bc4 Nc6 50. Ke4 Nb4 51. Ke5 Nc2 52. Kd5 Ne3+ 53.
Kxc5 Ng2 54. b4 Nxf4 55. bxa5 f5 56. a6 Ne6+ 57. Bxe6 Kxe6 58. a7 f4 59. a8=Q
Ke5 60. Qd5+ Kf6 61. Kd4 f3 62. Qxf3+ Ke6 63. a5 Kd6 64. Qd5+ Ke7 65. Qc6 Kf7
66. Qd6 Kg7 67. Qg6+ Kf8 68. Qh7 Ke8 69. a6 Kd8 70. a7 Ke8 71. a8=Q# 1-0

[Event "Ì11Â"]
[Site "Loo"]
[Date "2017.04.23"]
[Round "4.2"]
[White "Ïèíãèí, Àðòåì."]
[Black "Ìàíåëþê, Äàíèèë."]
[Result "1-0"]
[WhiteElo "1576"]
[BlackElo "1976"]
[PlyCount "107"]
[EventDate "2017.04.20"]

1. e4 e6 2. d4 d5 3. Nc3 Bb4 4. e5 c5 5. a3 Bxc3+ 6. bxc3 Ne7 7. Qg4 Qc7 8.
Qxg7 Rg8 9. Qxh7 cxd4 10. Ne2 Nbc6 11. f4 dxc3 12. Qd3 Bd7 13. Nxc3 a6 14. Ne2
Nf5 15. h3 Na5 16. g4 Bb5 17. Qc3 Qxc3+ 18. Nxc3 Nd4 19. Ra2 Bxf1 20. Rxf1 Rc8
21. Ne2 Rxc2 22. Rxc2 Nxc2+ 23. Kd1 Na1 24. Rf3 N1b3 25. Rc3 Kd7 26. Be3 Rc8
27. Rxc8 Kxc8 28. Kc2 Nc4 29. Bf2 Nba5 30. Bc5 Nc6 31. Kd3 Kd7 32. Bf8 Ne7 33.
Bg7 Ng6 34. Bf6 Nxa3 35. f5 Nf8 36. Nf4 Ke8 37. h4 Nh7 38. g5 Nxf6 39. exf6
exf5 40. Nxd5 b5 41. h5 Nc4 42. Kd4 Nd2 43. Ke3 Ne4 44. Kf4 Nc5 45. Kxf5 Ne6
46. Nc7+ Kf8 47. Nxe6+ Kg8 48. Nc7 b4 49. Ke4 a5 50. Kd3 a4 51. Kc2 b3+ 52. Kb2
Kf8 53. Nd5 Kg8 54. Nb6 1-0

[Event "Ì11Â"]
[Site "Loo"]
[Date "2017.04.23"]
[Round "4.3"]
[White "Êðèâåíêî, Äìèòðèé."]
[Black "Ïåòðîâñêèé, Íèêèòà."]
[Result "1-0"]
[WhiteElo "1659"]
[BlackElo "1583"]
[PlyCount "89"]
[EventDate "2017.04.20"]

1. e4 c5 2. d3 g6 3. f4 d6 4. Be2 Bg7 5. Nf3 Nc6 6. O-O e6 7. c3 Nge7 8. Na3
O-O 9. Nc2 b6 10. Be3 f5 11. Nd2 e5 12. fxe5 dxe5 13. Bg5 h6 14. Bxe7 Nxe7 15.
Ne3 Bb7 16. Qc2 f4 17. Ng4 h5 18. Nf2 Qd7 19. Rad1 Rac8 20. g4 fxg3 21. hxg3
Bh6 22. Kg2 Kg7 23. Nf3 Qe6 24. Qb3 Qxb3 25. axb3 Nc6 26. g4 hxg4 27. Nxg4 Bf4
28. d4 cxd4 29. cxd4 Nxd4 30. Nxd4 exd4 31. Rxd4 g5 32. Kg1 Rc2 33. Bc4 Bc8 34.
Rxf4 Rxf4 35. Ne3 Rxb2 36. Rd8 Rf8 37. Rd5 Kh6 38. Rd6+ Kh5 39. Nd5 Kh4 40. Nf6
g4 41. e5 g3 42. Rd4+ Kg5 43. Nh7+ Kh6 44. Nxf8 Rb1+ 45. Kg2 1-0

[Event "Ì11Â"]
[Site "Loo"]
[Date "2017.04.23"]
[Round "4.4"]
[White "Êîëåñîâ, Ãîðäåé."]
[Black "Ìàêîâ, Àðòåì."]
[Result "1-0"]
[WhiteElo "1619"]
[BlackElo "1604"]
[PlyCount "149"]
[EventDate "2017.04.20"]

1. d4 d5 2. c4 c6 3. Nc3 Nf6 4. Nf3 e6 5. e3 Nbd7 6. b3 Bd6 7. Bb2 O-O 8. Be2
Qe7 9. O-O Rd8 10. Re1 e5 11. dxe5 Nxe5 12. cxd5 cxd5 13. Nd4 a6 14. Qc2 Neg4
15. Bxg4 Bxg4 16. Nf5 Bxf5 17. Qxf5 Rac8 18. Red1 Be5 19. Nxd5 Nxd5 20. Qxe5
Qxe5 21. Bxe5 f6 22. Bb2 Rc2 23. Ba3 Rd7 24. Rdc1 Rdc7 25. Rd1 Rd7 26. g3 h6
27. e4 Nb6 28. Rac1 Rdc7 29. Rxc2 Rxc2 30. Kg2 Kf7 31. Rd6 Rxa2 32. Bc5 Nc8 33.
Rd7+ Ke6 34. Rxb7 Rd2 35. Rc7 Rd8 36. Rc6+ Ke5 37. Rxa6 Kxe4 38. Rc6 Kd5 39.
Rc7 Rg8 40. b4 Kc4 41. Kf3 Kb5 42. Ke4 g6 43. Kd5 Nb6+ 44. Ke6 Nc4 45. Kxf6 g5
46. Rg7 Rc8 47. Rb7+ Kc6 48. Rh7 Nd2 49. Rxh6 Ne4+ 50. Kf5+ Kd5 51. Re6 Nxc5
52. bxc5 Kxc5 53. Kxg5 Rg8+ 54. Rg6 Rf8 55. f4 Rh8 56. h4 Kd5 57. f5 Rf8 58. g4
Re8 59. h5 Ke5 60. h6 Re7 61. Rg7 Re8 62. h7 Rh8 63. Kg6 Kf4 64. g5 Kg4 65. f6
Kh4 66. f7 Kg4 67. Kh6 Kh4 68. g6 Rd8 69. Rg8 Rd5 70. Kg7 Kg5 71. h8=Q Rd6 72.
Qh6+ Kg4 73. f8=Q Rd7+ 74. Qf7 Rd6 75. Qff4# 1-0

[Event "Ì11Â"]
[Site "Loo"]
[Date "2017.04.23"]
[Round "4.5"]
[White "Äóäàðåâ, Âëàäèñëàâ."]
[Black "Ôîìêèí, Äìèòðèé."]
[Result "1-0"]
[WhiteElo "2051"]
[BlackElo "1579"]
[PlyCount "55"]
[EventDate "2017.04.20"]

1. Nf3 Nf6 2. c4 c5 3. Nc3 e6 4. d4 cxd4 5. Nxd4 b6 6. e4 d6 7. Be2 Bb7 8. f3
Be7 9. O-O O-O 10. Be3 a6 11. Qd2 Nbd7 12. Rac1 Rc8 13. Rfd1 Qc7 14. b3 Rfd8
15. Bd3 Qb8 16. Bb1 h6 17. Kh1 Bf8 18. Qf2 Nc5 19. Qh4 Qa8 20. Bxh6 Nfxe4 21.
Nxe4 Nxe4 22. fxe4 gxh6 23. Rc3 Bg7 24. Rg3 Kh8 25. Rf1 Rd7 26. Rf6 Kh7 27. e5+
Kh8 28. Qxh6+ 1-0

[Event "Ì11Â"]
[Site "Loo"]
[Date "2017.04.23"]
[Round "4.6"]
[White "Ãàøåâ, Ìàòâåé."]
[Black "Ñèìîíÿí, Ãðèãîðèé."]
[Result "1/2-1/2"]
[WhiteElo "1582"]
[BlackElo "1937"]
[PlyCount "152"]
[EventDate "2017.04.20"]

1. d4 Nf6 2. Nf3 d5 3. Bf4 e6 4. e3 c5 5. c4 Nc6 6. Nc3 cxd4 7. Nxd4 Bb4 8.
Nxc6 bxc6 9. Qa4 Bxc3+ 10. bxc3 Bd7 11. Qc2 O-O 12. Be2 Qe7 13. O-O e5 14. Bg5
Qe6 15. Rfd1 Ne4 16. Bh4 Qh6 17. Bg3 Nxg3 18. hxg3 Be6 19. e4 dxc4 20. Qd2 Qf6
21. Qd6 Rac8 22. Qc5 Rb8 23. Rab1 Qg5 24. Rxb8 Rxb8 25. Qxa7 Rc8 26. Qc5 h6 27.
a4 Rd8 28. Rxd8+ Qxd8 29. a5 Qd2 30. Qe3 Qxe3 31. fxe3 Bc8 32. Bxc4 Bb7 33. a6
Ba8 34. Kf2 Kf8 35. Ke2 Ke7 36. Kd2 f6 37. Kc2 Kd6 38. Kb3 Kc5 39. g4 Kb6 40.
Ka4 Kc5 41. Kb3 Kb6 42. g3 Kc5 43. Be6 Kb6 44. Bc4 Ka5 45. Ka3 Kb6 46. Ka4 Kc5
47. Kb3 Kb6 48. Ka4 c5 49. Bd5 Bxd5 50. exd5 Kxa6 51. e4 Kb6 52. c4 Kc7 53. Kb3
Kb7 54. Kc3 Kc7 55. Kd3 Kd6 56. Ke3 Ke7 57. Kf3 Kf7 58. Kg2 Kg6 59. Kh3 Kf7 60.
Kh4 g6 61. Kh3 Ke7 62. Kg2 Kf7 63. Kf3 Ke7 64. Ke3 Kf7 65. Kd3 Ke7 66. Kc3 Kd6
67. Kb3 Kd7 68. Kc3 Kc7 69. Kd3 Kd6 70. Ke3 Kd7 71. Kd3 Kd6 72. Ke3 Kd7 73. Kf3
Ke7 74. Ke3 Kf7 75. Kf3 Kg7 76. Kg2 Kf7 1/2-1/2

[Event "Ì11Â"]
[Site "Loo"]
[Date "2017.04.23"]
[Round "4.7"]
[White "Þøèí, Èãîðü."]
[Black "Ãðóíèí, Äåíèñ."]
[Result "1-0"]
[WhiteElo "1801"]
[BlackElo "1556"]
[PlyCount "173"]
[EventDate "2017.04.20"]

1. d4 d5 2. Nf3 Nf6 3. c4 c6 4. Nbd2 Bf5 5. Nh4 Bg6 6. Qb3 Qb6 7. Qh3 Nbd7 8.
Nxg6 fxg6 9. c5 Qc7 10. Qe6 b6 11. cxb6 axb6 12. e3 Qd6 13. Qxd6 exd6 14. g3
Be7 15. Bg2 O-O 16. O-O Rfd8 17. b3 c5 18. Bb2 b5 19. e4 dxe4 20. Nxe4 Nxe4 21.
Bxe4 Ra7 22. Bc6 b4 23. dxc5 Nxc5 24. Bd5+ Kf8 25. Bd4 Bf6 26. Rfd1 Ra5 27.
Bxf6 gxf6 28. Rd4 Rb8 29. Bc4 Rb6 30. Rad1 Ke7 31. R1d2 Kd7 32. Bg8 Ne6 33.
R4d3 h6 34. Re2 Nc5 35. Rd4 Rba6 36. Bc4 Ra7 37. Red2 Nb7 38. Bf7 Rxa2 39. Rxa2
Rxa2 40. Rxb4 Nc5 41. Bxg6 Rb2 42. Rf4 Ke7 43. b4 Ne6 44. Rh4 Kf8 45. Bf5 Ng7
46. Bd3 h5 47. Bg6 d5 48. Rd4 Ne6 49. Rxd5 Rxb4 50. Bxh5 Kg7 51. Bf3 Ng5 52.
Kg2 Rb3 53. Bg4 Rb4 54. Bf5 Rb2 55. h4 Nf7 56. Rc5 Nd6 57. Rc7+ Kg8 58. Bg6 Rd2
59. h5 Rb2 60. Re7 f5 61. h6 Rb8 62. Rd7 Nc4 63. Bf7+ Kh8 64. Bxc4 f4 65. gxf4
Rb2 66. Bd3 Rb8 67. h7 Rf8 68. f5 Rf7 69. Rd8+ Kxh7 70. f6+ Kh6 71. Rd6 Kg5 72.
Kg3 Rf8 73. f4+ Kh6 74. f7+ Kg7 75. Bc4 Rb8 76. Rd5 Kh7 77. Rf5 Rf8 78. Kg4 Kh6
79. Rg5 Kh7 80. Rg8 Rxf7 81. Bxf7 Kh6 82. Rg5 Kh7 83. Kh5 Kh8 84. f5 Kh7 85. f6
Kh8 86. Ba2 Kh7 87. f7 1-0

[Event "Ì11Â"]
[Site "Loo"]
[Date "2017.04.23"]
[Round "4.8"]
[White "Ñàâåëüåâ, Èâàí."]
[Black "Õóáóêøàíîâ, Ýðäýì."]
[Result "0-1"]
[WhiteElo "1478"]
[BlackElo "1791"]
[PlyCount "108"]
[EventDate "2017.04.20"]

1. e4 c5 2. b3 Nc6 3. Bb2 e5 4. d3 Nf6 5. Nf3 d6 6. Nbd2 g6 7. Be2 Bg7 8. O-O
O-O 9. a4 Ne8 10. Nc4 f5 11. Ne3 Nf6 12. Nd2 Qe7 13. Nd5 Nxd5 14. exd5 Nb4 15.
Bf3 Qf7 16. Nc4 Rd8 17. Ne3 f4 18. Nc4 Nxd5 19. Be4 Nf6 20. Bf3 Be6 21. Na5
Rab8 22. Nc4 Rbc8 23. Re1 Bd5 24. Bxd5 Qxd5 25. Qe2 Re8 26. Rad1 Qc6 27. Qd2 b6
28. Qe2 g5 29. h3 Rcd8 30. Nd2 h6 31. Ne4 d5 32. Nxf6+ Qxf6 33. Qg4 Qe6 34. Qe2
Qf5 35. f3 Rd7 36. d4 e4 37. Qb5 e3 38. Qe2 Rc8 39. c4 cxd4 40. Bxd4 Bxd4 41.
Rxd4 dxc4 42. Rxc4 Rd2 43. Rxc8+ Qxc8 44. Qb5 Qd7 45. Qc4+ Kg7 46. Qc3+ Kg6 47.
Qc4 Qd5 48. Qc8 Rxg2+ 49. Kh1 Rd2 50. Qe8+ Qf7 51. Qe4+ Kh5 52. Rg1 Qg6 53. Qe5
Kh4 54. Rg4+ Kxh3 0-1

[Event "Ì11Â"]
[Site "Loo"]
[Date "2017.04.23"]
[Round "4.9"]
[White "Ïîðîøèí, Àëåêñàíäð."]
[Black "Òàíäåëîâ, Àðñåíèé."]
[Result "1-0"]
[WhiteElo "1664"]
[BlackElo "1305"]
[PlyCount "79"]
[EventDate "2017.04.20"]

1. e4 c5 2. Nf3 Nc6 3. d4 cxd4 4. Nxd4 Nf6 5. Nc3 e5 6. Ndb5 d6 7. Bg5 a6 8.
Na3 b5 9. Nd5 Be7 10. Bxf6 gxf6 11. g3 O-O 12. Bg2 Rb8 13. O-O Kh8 14. Ne3 Rg8
15. Nf5 Bxf5 16. exf5 Nd4 17. Qd3 Rg5 18. h4 Rg8 19. c3 b4 20. cxd4 bxa3 21.
bxa3 a5 22. Rab1 Qd7 23. Bd5 Rxb1 24. Rxb1 Kg7 25. Rb7 Qd8 26. Qc4 Rf8 27. a4
Kg8 28. h5 h6 29. Kg2 Kg7 30. Qb5 Re8 31. Bc6 Rg8 32. Rd7 Qf8 33. Qb7 Bd8 34.
Bd5 Kh7 35. Rxf7+ Rg7 36. Rxf8 Rxb7 37. Bxb7 Bb6 38. dxe5 fxe5 39. f6 Bxf2 40.
Be4# 1-0